=LDR 00000nam 2200000 4500 =001 INLIS000000000001923 =005 20130612090312 =008 ***********************************Ind** =035 ##$$0010-061300000001923 =041 ##$$a Ind =082 ##$$a 613.71 =090 ##$$a 613.71, Saj p] =100 ##$$a Sajoto,M =245 ##$$a Peningkatan dan pembinaan kekuatan kondisi fisik dalam olah raga, M.Sajoto =260 ##$$a 1995 $b Semarang =300 ##$$a v,145 hlm, ilus, 21 cm =650 ##$$a Olah raga =650 ##$$a Kesehatan =850 ##$$a NBPNMAT